000 00917nam a2200277 4500
999 _c27676
_d27676
001 46922
003 CZ PrSKC
005 20200129121821.0
008 070320s2007 xr |||||||||||||| zecze d
020 _a9788025303962 :
_c249.00 Kč
040 _aBEG001
_bcze
041 1 _acze
_heng
080 _aM 3/11
100 1 _aCarman, Patrick,
_d1966-
_4aut
_99457
245 1 0 _aElyonova země. Desáté město /
_cPatrick Carman ; z anglického originálu ... přeložila Eva Mazůrková
250 _a1. vyd.
260 _aHavlíčkův Brod :
_bFragment,
_c2007
300 _a181 s. ;
_c21 cm
500 _a1. Temné hory, 2. Trnité údolí, 3. Desáté město, 4. Osamělé moře, 5. Hvězdný poutník
650 0 7 _aděti
_2czenas
_97095
653 0 _aromány
_afantasy
_aamerická literatura
700 1 _aMazůrková, Eva
_4trl
_99458
765 0 _tBeyond the Valley of Thorns
910 _aBEG001